George Lucas Films Quiz - Statistics

General Stats
  • This quiz has been taken 5,853 times
    5,851 since last reset
  • The average score is 9 of 26
Answer Stats
Year Film % Correct
1977 Star Wars Episode IV: A New Hope
100%
1980 Star Wars Episode V: The Empire Strikes Back
87%
1983 Star Wars Episode VI: Return of the Jedi
86%
2005 Star Wars Episode III: Revenge of the Sith
77%
1999 Star Wars Episode I: The Phantom Menace
77%
2002 Star Wars Episode II: Attack of the Clones
74%
1981 Raiders of the Lost Ark
68%
1984 Indiana Jones and the Temple of Doom
59%
1989 Indiana Jones and the Last Crusade
54%
1973 American Graffiti
43%
2008 Indiana Jones and the Kingdom of the Crystal Skull
39%
2008 Star Wars: The Clone Wars
30%
1971 THX 1138
29%
1986 Howard the Duck
18%
2012 Red Tails
15%
1988 Willow
15%
1986 Labyrinth
8%
1979 More American Graffiti
6%
1980 Kagemusha
5%
1994 Radioland Murders
5%
1989 The Land Before Time
5%
1988 Tucker: The Man and His Dream
5%
1981 Body Heat
4%
1985 Latino
3%
1985 Mishima: A Life in Four Chapters
3%
1983 Twice Upon A Time
3%
No matching quizzes found
Score Distribution
Percent of People with Each Score
Percentile by Number Answered
Your Score History
You have not taken this quiz since the last reset